LEADER 01915cam0 22003133 450 001 SOB006181 005 20230228114048.0 010 $a8814083363 100 $a20040211d2000 |||||ita|0103 ba 101 $aita 102 $aIT 200 1 $a<>legge doganale comunitaria e nazionale coordinata e commentata$eRegolamento (CEE) 2913/92 del Consiglio del 12 ottobre 1992, Codice doganale comunitario; Regolamento (CEE) 2454/93 della Commissione del 2 luglio 1993, Disposizioni diapplicazione del Regolamento 2913/92; D.P.R. 23 gennaio 1973, n. 43, Testo unico delle disposizioni legislative in materia doganale e successive modifiche, corredato di regolamento, istruzioni ministeriali, decreti, circolari, giurisprudenza, normativa CEE collegata$fAttilio Pezzinga 205 $a3. ed 210 $aMilano$cGiuffré$d2000 215 $a1048 p.$d24 cm 300 $aIn appendice: Comunita economica europea e Atto unico europeo; deleghe legislative; organizzazione delle dogane e ordinamento del personale; Guardia di finanza; spedizionieri doganali; regimedi importazione ed esportazione delle merci; Decreto legge 30 agosto 1993, n. 331 300 $aTit. dell'ed. precedente: La legge doganale 700 1$aPezzinga$b, Attilio$3AF00004871$4070$0141180 801 0$aIT$bUNISOB$c20230228$gRICA 850 $aUNISOB 852 $aUNISOB$jFondo|Cofin$m106717 852 $aUNISOB$j340$m103719 912 $aSOB006181 940 $aM 102 Monografia moderna SBN 941 $aM 957 $aFondo|Cofin$b000063$gSI$d106717$hCofin$racquisto$1carrano$2UNISOB$3UNISOB$420130121123041.0$520210524073518.0$6Spinosa$fPer le modalità di consultazione vedi homepage della Biblioteca link Fondi 957 $a340$b002875$gSI$d103719$rACQUISTO$1carrano$2UNISOB$3UNISOB$420120302150146.0$520120302150213.0$6carrano 996 $aLegge doganale comunitaria e nazionale coordinata e commentata$9734274 997 $aUNISOB LEADER 01018nam0 22002531i 450 001 RML0234130 005 20231121125700.0 100 $a20121121d1988 ||||0itac50 ba 101 | $aita 102 $ait 181 1$6z01$ai $bxxxe 182 1$6z01$an 200 1 $a˜L'œeconomia degli anni ottanta$eUn parziale ritorno all'ordine dopo la crisi degli anni settanta$eChe fare e come fare in Italia nel prossimo decennio$fLibero Lenti 210 $aMilano $cEd. del Sole 24 Ore $d1988 215 $a164 p.$d21 cm 700 1$aLENTI$b, Libero$3RMLV148326$033132 801 3$aIT$bIT-01$c20121121 850 $aIT-FR0098 899 $aBiblioteca Area Giuridico Economica$bFR0098 912 $aRML0234130 950 0$aBiblioteca Area Giuridico Economica$d 53CAM 330.945/8$e 53VM 0000024495 VM barcode:ECO000803. - Inventario:3609. - Fondo:Sala consultazioneVM$fA $h19951207$i20121204 977 $a 53 996 $aEconomia degli anni ottanta$9495504 997 $aUNICAS